<?xml version="1.0" encoding="UTF-8"?>
<record
    xmlns:xsi="http://www.w3.org/2001/XMLSchema-instance"
    xsi:schemaLocation="http://www.loc.gov/MARC21/slim http://www.loc.gov/standards/marcxml/schema/MARC21slim.xsd"
    xmlns="http://www.loc.gov/MARC21/slim">

  <leader>01201nam a2200337   4500</leader>
  <controlfield tag="003">OSt</controlfield>
  <controlfield tag="005">20240201144052.0</controlfield>
  <controlfield tag="008">240123s2018    mx ab||f |||| 001 0 spa d</controlfield>
  <datafield tag="020" ind1=" " ind2=" ">
    <subfield code="a">9786073710343</subfield>
  </datafield>
  <datafield tag="040" ind1=" " ind2=" ">
    <subfield code="e">rda</subfield>
    <subfield code="c">CHAP</subfield>
  </datafield>
  <datafield tag="082" ind1="0" ind2="0">
    <subfield code="2">22</subfield>
    <subfield code="a">631.497252</subfield>
    <subfield code="b">C32</subfield>
  </datafield>
  <datafield tag="245" ind1="1" ind2="0">
    <subfield code="a">Cartograf&#xED;a de los suelos del estado de M&#xE9;xico a nivel municipal una herramienta para la planeaci&#xF3;n en el sector agropecuario /</subfield>
    <subfield code="c">por Erasto Domingo Sotelo Ruiz ...[y otros tres]</subfield>
  </datafield>
  <datafield tag="264" ind1=" " ind2="1">
    <subfield code="a">M&#xE9;xico:</subfield>
    <subfield code="b">Centro de Investigaci&#xF3;n Regional del Centro:</subfield>
    <subfield code="b">Campo Experimental Valle de M&#xE9;xico Sitio Experimental Metepec,</subfield>
    <subfield code="c">2018.</subfield>
  </datafield>
  <datafield tag="300" ind1=" " ind2=" ">
    <subfield code="a">299 p&#xE1;ginas:</subfield>
    <subfield code="b">Ilustraciones, cuadros, mapas</subfield>
  </datafield>
  <datafield tag="336" ind1=" " ind2=" ">
    <subfield code="2">rdacontent</subfield>
    <subfield code="a">texto</subfield>
    <subfield code="b">txt</subfield>
  </datafield>
  <datafield tag="337" ind1=" " ind2=" ">
    <subfield code="2">rdamedia</subfield>
    <subfield code="a">sin medio</subfield>
    <subfield code="b">n</subfield>
  </datafield>
  <datafield tag="338" ind1=" " ind2=" ">
    <subfield code="2">rdacarrier</subfield>
    <subfield code="a">volumen</subfield>
    <subfield code="b">nc</subfield>
  </datafield>
  <datafield tag="490" ind1="1" ind2=" ">
    <subfield code="a">Libro t&#xE9;cnico</subfield>
  </datafield>
  <datafield tag="504" ind1=" " ind2=" ">
    <subfield code="a">Incluye &#xED;ndice y bibliograf&#xED;a</subfield>
  </datafield>
  <datafield tag="650" ind1=" " ind2="4">
    <subfield code="9">141106</subfield>
    <subfield code="a">Suelos </subfield>
    <subfield code="x">Clasificaci&#xF3;n </subfield>
  </datafield>
  <datafield tag="650" ind1=" " ind2="4">
    <subfield code="9">110364</subfield>
    <subfield code="a">Suelos</subfield>
    <subfield code="x">Evaluaci&#xF3;n</subfield>
  </datafield>
  <datafield tag="650" ind1=" " ind2="4">
    <subfield code="9">71128</subfield>
    <subfield code="a">Mapas</subfield>
  </datafield>
  <datafield tag="650" ind1=" " ind2="4">
    <subfield code="9">76822</subfield>
    <subfield code="a">M&#xE9;xico (Edo.)</subfield>
  </datafield>
  <datafield tag="700" ind1="1" ind2=" ">
    <subfield code="9">108841</subfield>
    <subfield code="a">Sotelo Ruiz, Erasto Domingo</subfield>
  </datafield>
  <datafield tag="830" ind1=" " ind2=" ">
    <subfield code="9">66654</subfield>
    <subfield code="a">Libro t&#xE9;cnico</subfield>
    <subfield code="v">1</subfield>
  </datafield>
  <datafield tag="942" ind1=" " ind2=" ">
    <subfield code="2">ddc</subfield>
  </datafield>
  <datafield tag="942" ind1=" " ind2=" ">
    <subfield code="2">ddc</subfield>
  </datafield>
  <datafield tag="942" ind1=" " ind2=" ">
    <subfield code="2">ddc</subfield>
  </datafield>
  <datafield tag="942" ind1=" " ind2=" ">
    <subfield code="2">ddc</subfield>
  </datafield>
  <datafield tag="942" ind1=" " ind2=" ">
    <subfield code="c">LIBRO</subfield>
  </datafield>
  <datafield tag="999" ind1=" " ind2=" ">
    <subfield code="c">219585</subfield>
    <subfield code="d">219585</subfield>
  </datafield>
  <datafield tag="952" ind1=" " ind2=" ">
    <subfield code="0">0</subfield>
    <subfield code="1">0</subfield>
    <subfield code="2">ddc</subfield>
    <subfield code="4">0</subfield>
    <subfield code="5">2</subfield>
    <subfield code="7">0</subfield>
    <subfield code="8">GRAL</subfield>
    <subfield code="a">BC</subfield>
    <subfield code="b">BC</subfield>
    <subfield code="c">PP_GRAL</subfield>
    <subfield code="d">2024-01-23</subfield>
    <subfield code="l">0</subfield>
    <subfield code="o">631.497252 C32</subfield>
    <subfield code="p">33724002582344</subfield>
    <subfield code="r">2024-01-23 00:00:00</subfield>
    <subfield code="w">2024-01-23</subfield>
    <subfield code="y">LIBRO</subfield>
  </datafield>
  <datafield tag="952" ind1=" " ind2=" ">
    <subfield code="0">0</subfield>
    <subfield code="1">0</subfield>
    <subfield code="2">ddc</subfield>
    <subfield code="4">0</subfield>
    <subfield code="5">2</subfield>
    <subfield code="7">0</subfield>
    <subfield code="8">GRAL</subfield>
    <subfield code="a">BC</subfield>
    <subfield code="b">BC</subfield>
    <subfield code="c">PP_GRAL</subfield>
    <subfield code="d">2024-01-23</subfield>
    <subfield code="l">0</subfield>
    <subfield code="o">631.497252 C32</subfield>
    <subfield code="p">33724002582383</subfield>
    <subfield code="r">2024-01-23 00:00:00</subfield>
    <subfield code="t">c.2</subfield>
    <subfield code="w">2024-01-23</subfield>
    <subfield code="y">LIBRO</subfield>
  </datafield>
  <datafield tag="952" ind1=" " ind2=" ">
    <subfield code="0">0</subfield>
    <subfield code="1">0</subfield>
    <subfield code="2">ddc</subfield>
    <subfield code="4">0</subfield>
    <subfield code="5">2</subfield>
    <subfield code="7">0</subfield>
    <subfield code="8">GRAL</subfield>
    <subfield code="a">BC</subfield>
    <subfield code="b">BC</subfield>
    <subfield code="c">PP_GRAL</subfield>
    <subfield code="d">2024-01-23</subfield>
    <subfield code="l">0</subfield>
    <subfield code="o">631.497252 C32</subfield>
    <subfield code="p">33724002581857</subfield>
    <subfield code="r">2024-01-23 00:00:00</subfield>
    <subfield code="t">c.3</subfield>
    <subfield code="w">2024-01-23</subfield>
    <subfield code="y">LIBRO</subfield>
  </datafield>
</record>
